Statistiken für International Darts Open

Klicken Sie hier um das Quiz zu spielen!

Allgemein

  • Dieses Quiz wurde 167 mal gespielt
    (30 seit der letzten Aktualisierung)
  • Das Durchschnittsergebnis liegt bei 8 aus 9

Antwortstatistiken

JahrNationalitätGewinner% Korrekt
2018WalesGerwyn Price
96%
2019WalesGerwyn Price
96%
2022WalesGerwyn Price
96%
2023WalesGerwyn Price
96%
2017SchottlandPeter Wright
96%
2015EnglandMichael Smith
93%
2024DeutschlandMartin Schindler
89%
2016ÖsterreichMensur Suljović
85%
2020EnglandJoe Cullen
48%

Verteilung der Resultate

Perzentil nach korrekt beantworteten Fragen

Anzahl Personen mit jedem Resultat

Ihre Resultats-Entwicklung

Sie haben dieses Quiz seit der letzten Aktualisierung nicht gespielt